<?xml version="1.0" encoding="UTF-8"?>
<record
    xmlns:xsi="http://www.w3.org/2001/XMLSchema-instance"
    xsi:schemaLocation="http://www.loc.gov/MARC21/slim http://www.loc.gov/standards/marcxml/schema/MARC21slim.xsd"
    xmlns="http://www.loc.gov/MARC21/slim">

  <leader>00663cam a22001457a 4500</leader>
  <datafield tag="999" ind1=" " ind2=" ">
    <subfield code="c">508229</subfield>
    <subfield code="d">508229</subfield>
  </datafield>
  <controlfield tag="008">180718b--   xxu||||| |||| 00| 0 eng d</controlfield>
  <datafield tag="082" ind1=" " ind2=" ">
    <subfield code="a">D78x54 In2/1989-90-1990-91</subfield>
  </datafield>
  <datafield tag="100" ind1=" " ind2=" ">
    <subfield code="a">India. Ministry of Finance. Department of Economic Affairs. Aid Accounts and Audit Division</subfield>
    <subfield code="9">3416</subfield>
  </datafield>
  <datafield tag="245" ind1=" " ind2=" ">
    <subfield code="a">External assistance, 1989-91</subfield>
    <subfield code="c">by Aid Accounts and Audit Division, Department of Economic Affairs, Ministry of Finance</subfield>
  </datafield>
  <datafield tag="260" ind1=" " ind2=" ">
    <subfield code="a">New Delhi</subfield>
    <subfield code="b">Aid Accounts and Audit Division, Department of Economic Affairs, Ministry of Finance</subfield>
  </datafield>
  <datafield tag="300" ind1=" " ind2=" ">
    <subfield code="a">v.p.</subfield>
  </datafield>
  <datafield tag="500" ind1=" " ind2=" ">
    <subfield code="a">Library has 1989/90, 1991/92-2005/06, 2007/08</subfield>
  </datafield>
  <datafield tag="650" ind1=" " ind2=" ">
    <subfield code="a">Economic assistance - India</subfield>
    <subfield code="9">3417</subfield>
  </datafield>
  <datafield tag="942" ind1=" " ind2=" ">
    <subfield code="2">ddc</subfield>
  </datafield>
  <datafield tag="952" ind1=" " ind2=" ">
    <subfield code="0">0</subfield>
    <subfield code="1">0</subfield>
    <subfield code="2">ddc</subfield>
    <subfield code="4">0</subfield>
    <subfield code="6">D_78X54_IN2_198990199091</subfield>
    <subfield code="7">0</subfield>
    <subfield code="a">IIPA</subfield>
    <subfield code="b">IIPA</subfield>
    <subfield code="d">2019-03-15</subfield>
    <subfield code="o">D78x54 In2/1989-90-1990-91</subfield>
    <subfield code="p">GG33861</subfield>
    <subfield code="r">2019-03-15</subfield>
    <subfield code="w">2019-03-15</subfield>
    <subfield code="y">GG</subfield>
  </datafield>
</record>
